Rajnaitik tattwabudh (Major1)/ (Record no. 11612)

MARC details
000 -LEADER
fixed length control field 00564nam a22002057a 4500
005 - DATE AND TIME OF LATEST TRANSACTION
control field 20230829140619.0
008 - FIXED-LENGTH DATA ELEMENTS--GENERAL INFORMATION
fixed length control field 230829b ||||| |||| 00| 0 eng d
020 ## - INTERNATIONAL STANDARD BOOK NUMBER
International Standard Book Number 9789358490091
040 ## - CATALOGING SOURCE
Original cataloging agency IN-DiNC
Transcribing agency IN-DiNC
041 ## - LANGUAGE CODE
Language code of sung or spoken text Assamese
082 ## - DEWEY DECIMAL CLASSIFICATION NUMBER
Classification number 320.5
Item number DAS
100 ## - MAIN ENTRY--PERSONAL NAME
Personal name Das, Deepen
Relator term Author
245 ## - TITLE STATEMENT
Title Rajnaitik tattwabudh (Major1)/
Statement of responsibility, etc. by Deepen Das and Durllav Borah
250 ## - EDITION STATEMENT
Edition statement 1st ed.
260 ## - PUBLICATION, DISTRIBUTION, ETC.
Place of publication, distribution, etc. Dibrugarh:
Name of publisher, distributor, etc. Banalata,
Date of publication, distribution, etc. 2023.
300 ## - PHYSICAL DESCRIPTION
Extent 311p.
650 ## - SUBJECT ADDED ENTRY--TOPICAL TERM
Topical term or geographic name entry element Understanding political theory
700 ## - ADDED ENTRY--PERSONAL NAME
Personal name Borah, Durllav
Relator term Author
942 ## - ADDED ENTRY ELEMENTS (KOHA)
Source of classification or shelving scheme Dewey Decimal Classification
Koha item type Books
Holdings
Withdrawn status Lost status Source of classification or shelving scheme Damaged status Not for loan Collection code Home library Current library Shelving location Date acquired Cost, normal purchase price Total Checkouts Full call number Barcode Date last seen Date last checked out Copy number Price effective from Koha item type
    Dewey Decimal Classification     Political Science Central Library, Naharkatiya College Central Library, Naharkatiya College General Stacks 29/08/2023 280.00 5 320.5 DAS 29670 11/12/2024 20/11/2024 1 29/08/2023 Books
    Dewey Decimal Classification     Political Science Central Library, Naharkatiya College Central Library, Naharkatiya College General Stacks 29/08/2023 280.00 7 320.5 DAS 29671 11/12/2024 19/11/2024 2 29/08/2023 Books
    Dewey Decimal Classification     Political Science Central Library, Naharkatiya College Central Library, Naharkatiya College General Stacks 29/08/2023 280.00 3 320.5 DAS 29672 13/12/2024 09/11/2024 3 29/08/2023 Books

Naharkatiya College © 2020. All rights reserved.

Powered By